000 01165ngm a22003730a 4500
001 PT16238
003 AR-LpoUNG
005 20210201232401.0
007 co ||u|||uuuuu
008 191001s2001||||sp |||||||||||||||||eng d
020 _a8448131479
_c$30.3
040 _aAR-LpoUNG
_bspa
_cAR-LpoUNG
_eaacr
041 _aeng
044 _asp
082 0 _a005.3 216runn
100 1 _aFrohock García, Marci
245 1 0 _aRunning Microsoft SQL Server 2000
250 _a1§ edición
260 _aMadrid :
_bMcGraw-Hill,
_c2001.
300 _agráfs., il., tbls.
520 _aCD-ROM con la versión electrónica del libro en ingles, documentación técnica y de ayuda, Service Pack 1 en español, y la versión de evaluación de SQL Server 2000.
650 4 _aCIENCIAS DE LA INFORMACION
650 4 _aDISEÑO DE SISTEMAS
650 4 _aINFORMATICA
650 4 _aINGENIERIA DE PROGRAMAS INFORMATICOS
650 4 _aLENGUAJE DE PROGRAMACION
650 4 _aPROGRAMAS DE COMPUTADORAS
650 4 _aSISTEMAS EXPERTOS
700 1 _aDeluca, Steve Adrien
700 1 _aReding, Jamie
700 1 _aWhalen, Edward
905 _a16238
942 _cCDDVD
999 _c53539
_d53539